MARC

LEADER 00000nam0a2200000 4500
001 43972
005 20231031021724.0
010 |a 5940100538 
035 |a (RuTPU)RU\TPU\book\45576 
090 |a 43972 
100 |a 20021031d2001 m y0rusy50 ca 
101 0 |a rus 
102 |a RU 
105 |a a j 001zy 
200 1 |a Метрология. Стандартизация. Сертификация  |e учебное пособие для вузов  |f А. Г. Сергеев, М. В. Латышев, В. В. Терегеря 
210 |a Москва  |c Логос  |d 2001 
215 |a 536 с.  |c ил. 
225 1 |a Федеральная программа книгоиздания России 
225 1 |a Учебник XXI века 
320 |a Библиогр.: с. 523-525. 
451 1 |0 (RuTPU)RU\TPU\book\60300  |y 5-94010-053-8  |t Метрология. Стандартизация. Сертификация  |o Учебное пособие  |f А. Г. Сергеев, М. В. Латышев, В. В. Терегеря  |c М.  |n Логос  |d 2003  |p 526 с.  |s Учебник XXI века  |a Сергеев, Алексей Георгиевич 
610 1 |a метрология 
610 1 |a стандартизация 
610 1 |a сертификация 
610 1 |a измерения 
610 1 |a физические величины 
610 1 |a технические измерения 
610 1 |a нормирование 
610 1 |a надежность 
610 1 |a метрологическое обеспечение 
610 1 |a стандарты 
610 1 |a виды 
610 1 |a испытательные лаборатории 
610 1 |a учебные пособия 
675 |a 621:53.08(075.8)  |v 3 
675 |a 658.516(075.8)  |v 3 
675 |a 658.562.012.7(075.8)  |v 3 
700 1 |a Сергеев  |b А. Г.  |g Алексей Георгиевич 
701 1 |a Латышев  |b М. В.  |g Михаил Владимирович 
701 1 |a Терегеря  |b В. В.  |g Владимир Васильевич 
801 1 |a RU  |b 63413507  |c 20021031  |g PSBO 
801 2 |a RU  |b 63413507  |c 20130715  |g PSBO 
900 |a Метрология, стандартизация и сертификация 
900 |a Управление, сертификация и инноватика 
942 |c BK 
952 |a 552200  |b 190800 
959 |a 121/20041006  |d 1  |e 470  |f АНЛ:1